| 000 | 00586cam a2200157 4500 | ||
|---|---|---|---|
| 001 | WB3524-56 | ||
| 008 | 000000n1999 000 0 eng u | ||
| 035 | _a(Sirsi) u102007 | ||
| 245 | _aEU unlikely to back new modified foods. | ||
| 260 | _c1999 | ||
| 490 |
_aFinancial Times _v25 June 1999, 1(1) |
||
| 520 | _aEU environment ministers have indicated strong support for a moratorium on genetically modified (GM) products. This is likely to hold up the sale and planting of such products for years. | ||
| 650 | _aGENETICALLY MODIFIED FOODS | ||
| 690 | _aRURAL PRACTICE | ||
| 942 | _n0 | ||
| 999 |
_c61099 _d61099 |
||